000 00670nam a2200217Ii 4500
003 JO-AjNU
008 230605s9999||||xx |||||||||||||| ||und||
017 _a519
040 _aJO-AjNU
_bara
_erda
_cJO-AjNU
041 _aara
050 1 4 _aRC467.U4236 1985
100 3 _aالعمري ، خير الدين شريف,
_eauthor
_935839
245 0 0 _aعلم النفس والتمريض العقلي
250 _aط2
264 3 1 _aالعراق:مكتبة تموز ، 1985
300 _a96ص
336 _atext
_btxt
_2rdacontent
337 _aunmediated
_bn
_2rdamedia
338 _avolume
_bnc
_2rdacarrier
650 4 _aعلم النفيس - التمريض
_935840
999 _aA14834
_c18402
_d18402